| 000 | 01245nam a2200301 a 4500 | ||
|---|---|---|---|
| 001 | ebr10551727 | ||
| 003 | CaPaEBR | ||
| 006 | m u | ||
| 007 | cr cn||||||||| | ||
| 008 | 120424s2009 qeaa s 000 0 eng d | ||
| 020 | _z9781921513145 | ||
| 020 | _z9781921513237 (e-book) | ||
| 040 |
_aCaPaEBR _cCaPaEBR |
||
| 035 | _a(OCoLC)794489635 | ||
| 050 | 1 | 4 |
_aRC489.A32 _bA23 2009eb |
| 245 | 0 | 0 |
_aAcceptance and commitment therapy _h[electronic resource] : _bcontemporary theory research and practice / _cedited by J.T. Blackledge, Joseph Ciarrochi and Frank P. Deane. |
| 250 | _a1st ed. | ||
| 260 |
_aBowen Hills, Qld. : _bAustralian Academic Press, _c2009. |
||
| 300 |
_axi, 336 p. : _bill. (some col.) |
||
| 533 |
_aElectronic reproduction. _bPalo Alto, Calif. : _cebrary, _d2011. _nAvailable via World Wide Web. _nAccess may be limited to ebrary affiliated libraries. |
||
| 650 | 0 | _aAcceptance and commitment therapy. | |
| 655 | 7 |
_aElectronic books. _2local |
|
| 700 | 1 |
_aBlackledge, J. T. _q(John T.) |
|
| 700 | 1 | _aCiarrochi, Joseph. | |
| 700 | 1 | _aDeane, Frank P. | |
| 710 | 2 | _aebrary, Inc. | |
| 856 | 4 | 0 |
_uhttp://site.ebrary.com/lib/rucke/Doc?id=10551727 _zAn electronic book accessible through the World Wide Web; click to view |
| 999 |
_c91723 _d91723 |
||